[Event "Steinfurt Bezirksklasse 1516"]
[Site "Germany"]
[Date "2016.02.27"]
[Round "7.1"]
[White "Von Gorissen, Rolf Ruediger"]
[Black "Ortmeier, Peter"]
[Result "1-0"]
[WhiteElo "1395"]
[BlackElo "1653"]
[PlyCount "103"]
[EventDate "2015.09.05"]
[EventType "team-tourn"]
[EventRounds "9"]
[EventCountry "GER"]
[SourceTitle "EXT 2017"]
[Source "ChessBase"]
[SourceDate "2016.10.25"]
[SourceVersion "1"]
[SourceVersionDate "2016.10.25"]
[SourceQuality "1"]
[WhiteTeam "Steinfurt IV"]
[BlackTeam "Emsdetten Rochade VI"]
[WhiteTeamCountry "GER"]
[BlackTeamCountry "GER"]

1. Nf3 Nf6 2. g3 g6 3. Bg2 Bg7 4. c4 0-0 5. 0-0 c6 6. d4 d6 7. Nc3 Nbd7 8. Qc2 Qc7 9. e3 Re8 10. Re1 Nb6 11. b3 e5 12. dxe5 dxe5 13. e4 h6 14. Bb2 Bg4 15. h3 Bxf3 16. Bxf3 Rad8 17. Rad1 Nh7 18. Rxd8 Rxd8 19. Rd1 Ng5 20. Bg2 Ne6 21. Ne2 c5 22. Rxd8+ Qxd8 23. Nc3 Nd4 24. Qd1 Nc8 25. Nd5 a6 26. Qd2 b5 27. Kf1 b4 28. Bc1 a5 29. Qb2 Ne7 30. Be3 Nxd5 31. cxd5 Qd7 32. Bxd4 exd4 33. Qc2 Qb5+ 34. Qc4 Qxc4+ 35. bxc4 a4 36. Bf3 a3 37. Bd1 Kf8 38. f4 f6 39. Ke2 Ke7 40. Kd3 Kd6 41. h4 g5 42. h5 Bf8 43. Ba4 Ke7 44. e5 gxf4 45. gxf4 fxe5 46. fxe5 Kf7 47. Ke4 Be7 48. Kf5 Bg5 49. d6 d3 50. e6+ Kf8 51. Ke5 d2 52. Kd5 1-0

[Event "Steinfurt Bezirksklasse 1415"]
[Site "Germany"]
[Date "2015.02.21"]
[Round "6.1"]
[White "Ulbricht Weiss, Wolfgang"]
[Black "Von Gorissen, Rolf Ruediger"]
[Result "1/2-1/2"]
[WhiteElo "1366"]
[BlackElo "1381"]
[PlyCount "74"]
[EventDate "2014.09.20"]
[EventType "team-tourn"]
[EventRounds "9"]
[EventCountry "GER"]
[SourceTitle "EXT 2016"]
[Source "ChessBase"]
[SourceDate "2015.10.08"]
[SourceVersion "1"]
[SourceVersionDate "2015.10.08"]
[SourceQuality "1"]
[WhiteTeam "Rheine"]
[BlackTeam "Steinfurt IV"]
[WhiteTeamCountry "GER"]
[BlackTeamCountry "GER"]

1. e4 e6 2. Nf3 d5 3. exd5 exd5 4. Be2 Nf6 5. 0-0 Bd6 6. d4 h6 7. Re1 0-0 8. Be3 Re8 9. Nbd2 Bf5 10. a3 Nbd7 11. c4 dxc4 12. Bxc4 Nb6 13. Qb3 Nxc4 14. Qxc4 Be6 15. Qc3 Nd5 16. Qc2 Bg4 17. h3 Bh5 18. Qf5 Nf6 19. Ne5 Bxe5 20. dxe5 Bg6 21. Qf4 Nd5 22. Qd4 Ne7 23. Qg4 Qc8 24. Qxc8 Rexc8 25. Nf3 Rd8 26. Nd4 Nd5 27. Rac1 Nxe3 28. fxe3 c6 29. Rcd1 Be4 30. Nf3 Rd5 31. Rxd5 cxd5 32. Rc1 a5 33. Nd4 Re8 34. Rc7 Rb8 35. Nb5 Bd3 36. Nd6 b5 37. Nxf7 Re8 1/2-1/2

[Event "Steinfurt Bezirksklasse 1112"]
[Site "Germany"]
[Date "2011.11.19"]
[Round "3.4"]
[White "Von Gorissen, Rolf Ruediger"]
[Black "Koerbel, Thomas"]
[Result "1/2-1/2"]
[WhiteElo "1366"]
[BlackElo "1306"]
[PlyCount "42"]
[EventDate "2011.09.24"]
[EventType "team-tourn"]
[EventRounds "9"]
[EventCountry "GER"]
[SourceTitle "EXT 2013"]
[Source "ChessBase"]
[SourceDate "2012.11.22"]
[SourceVersion "1"]
[SourceVersionDate "2012.11.22"]
[SourceQuality "1"]
[WhiteTeam "Steinfurt IV"]
[BlackTeam "Saerbeck III"]
[WhiteTeamCountry "GER"]
[BlackTeamCountry "GER"]

1. e4 e5 2. Nf3 Nf6 3. Nc3 Bb4 4. d3 d5 5. Bd2 dxe4 6. Nxe4 Bxd2+ 7. Qxd2 Nc6 8. Qg5 h6 9. Nxf6+ gxf6 10. Qd2 Bg4 11. Be2 Qe7 12. 0-0-0 0-0-0 13. Qe1 Rhg8 14. h3 Be6 15. a3 Rxg2 16. Nh4 Rg5 17. Nf3 Rgg8 18. Nd2 f5 19. Bf3 Nd4 20. Qxe5 f6 21. Qe3 Qc5 1/2-1/2

[Event "Steinfurt Bezirksliga 1011"]
[Site "Germany"]
[Date "2011.03.26"]
[Round "7.7"]
[White "Overmeyer, Juergen"]
[Black "Von Gorissen, Rolf Ruediger"]
[Result "1-0"]
[WhiteElo "1592"]
[BlackElo "1322"]
[PlyCount "47"]
[EventDate "2010.10.02"]
[EventType "team-tourn"]
[EventRounds "9"]
[EventCountry "GER"]
[SourceTitle "EXT 2012"]
[Source "ChessBase"]
[SourceDate "2011.11.24"]
[SourceVersion "1"]
[SourceVersionDate "2011.11.24"]
[SourceQuality "1"]
[WhiteTeam "Emsdetten Rochade III"]
[BlackTeam "Steinfurt III"]
[WhiteTeamCountry "GER"]
[BlackTeamCountry "GER"]

1. e4 e6 2. d4 d5 3. Bd3 c5 4. exd5 Qxd5 5. Bb5+ Bd7 6. Bxd7+ Nxd7 7. Nf3 cxd4 8. Qxd4 Qxd4 9. Nxd4 Bc5 10. Nf3 Ngf6 11. Nc3 0-0 12. 0-0 Rfd8 13. Bg5 Be7 14. Nb5 a6 15. Nbd4 Nd5 16. c4 Bxg5 17. cxd5 e5 18. Nxg5 exd4 19. Rfd1 Nb6 20. Rxd4 Rxd5 21. Rxd5 Nxd5 22. Rd1 Rd8 23. Ne4 b6 24. Nc3 1-0

[Event "Steinfurt Bezirksliga 1011"]
[Site "Germany"]
[Date "2010.12.04"]
[Round "3.8"]
[White "Von Gorissen, Rolf Ruediger"]
[Black "Schulte, Rainer"]
[Result "1/2-1/2"]
[WhiteElo "1322"]
[BlackElo "1470"]
[PlyCount "31"]
[EventDate "2010.10.02"]
[EventType "team-tourn"]
[EventRounds "9"]
[EventCountry "GER"]
[SourceTitle "EXT 2012"]
[Source "ChessBase"]
[SourceDate "2011.11.24"]
[SourceVersion "1"]
[SourceVersionDate "2011.11.24"]
[SourceQuality "1"]
[WhiteTeam "Steinfurt III"]
[BlackTeam "Emsdetten Rochade II"]
[WhiteTeamCountry "GER"]
[BlackTeamCountry "GER"]

1. Nc3 d5 2. e4 dxe4 3. Nxe4 Bf5 4. Ng3 Bg6 5. Nf3 Nd7 6. d4 c6 7. c3 Qc7 8. Bc4 Ngf6 9. 0-0 e6 10. Re1 0-0-0 11. a4 Bd6 12. Bg5 h6 13. Bxf6 gxf6 14. Bd3 f5 15. Qe2 Rde8 16. Ne5 1/2-1/2

[Event "Steinfurt Bezirksklasse 0910"]
[Site "Germany"]
[Date "2010.01.16"]
[Round "3.3"]
[White "Schneider, Richard2"]
[Black "Von Gorissen, Rolf Ruediger"]
[Result "1-0"]
[WhiteElo "1521"]
[BlackElo "1346"]
[PlyCount "81"]
[EventDate "2009.09.26"]
[EventType "team-tourn"]
[EventRounds "7"]
[EventCountry "GER"]
[SourceTitle "EXT 2011"]
[Source "ChessBase"]
[SourceDate "2010.11.26"]
[SourceVersion "1"]
[SourceVersionDate "2010.11.26"]
[SourceQuality "1"]
[WhiteTeam "Emsdetten Rochade III"]
[BlackTeam "Steinfurt IV"]
[WhiteTeamCountry "GER"]
[BlackTeamCountry "GER"]

1. d4 e6 2. c4 d5 3. e3 b6 4. Nc3 Bb4 5. Qa4+ Bd7 6. Qxb4 Qe7 7. Qb3 Nf6 8. Nf3 Bc6 9. Ne5 Bb7 10. c5 0-0 11. Bd2 Nc6 12. Nxc6 Bxc6 13. cxb6 cxb6 14. Be2 Rfc8 15. 0-0 Qb7 16. Qa3 Ne8 17. Ba6 Qd7 18. Bxc8 Rxc8 19. Rac1 Nd6 20. b3 Nf5 21. Rfd1 e5 22. Ne2 Nh4 23. Ng3 e4 24. Rc3 Qg4 25. Rdc1 Nf3+ 26. gxf3 exf3 27. Rxc6 Rxc6 28. Rxc6 Qh3 29. Rc8+ Qxc8 30. Qc1 Qh3 31. Qf1 Qg4 32. Kh1 h5 33. Qg1 Qh3 34. Qf1 Qg4 35. Qg1 Qh3 36. Bb4 Qg4 37. h3 Qxh3+ 38. Qh2 Qc8 39. Nxh5 Qc1+ 40. Qg1 Qxg1+ 41. Kxg1 1-0

[Event "Steinfurt Bezirksklasse 0910"]
[Site "Germany"]
[Date "2009.11.28"]
[Round "2.3"]
[White "Von Gorissen, Rolf Ruediger"]
[Black "Geisler, Peter"]
[Result "1/2-1/2"]
[WhiteElo "1346"]
[BlackElo "1389"]
[PlyCount "106"]
[EventDate "2009.09.26"]
[EventType "team-tourn"]
[EventRounds "7"]
[EventCountry "GER"]
[SourceTitle "EXT 2011"]
[Source "ChessBase"]
[SourceDate "2010.11.26"]
[SourceVersion "1"]
[SourceVersionDate "2010.11.26"]
[SourceQuality "1"]
[WhiteTeam "Steinfurt IV"]
[BlackTeam "Ibbenbueren III"]
[WhiteTeamCountry "GER"]
[BlackTeamCountry "GER"]

1. e4 c6 2. d4 g6 3. Nf3 Bg7 4. b3 d6 5. Bb2 Bg4 6. Be2 Nf6 7. Nbd2 0-0 8. h3 Bc8 9. 0-0 Nbd7 10. Re1 b5 11. Rb1 Qc7 12. Bd3 a6 13. Rc1 Re8 14. c4 Rb8 15. c5 Bb7 16. b4 a5 17. a3 Ra8 18. Qb3 a4 19. Qd1 Nh5 20. Bb1 e5 21. g3 Bf6 22. Nf1 Bg7 23. Re2 Rad8 24. Ba2 h6 25. Rd2 Re7 26. Nh4 Kh7 27. Nf3 Rf8 28. Qc2 Rfe8 29. Re2 f6 30. Bb1 dxc5 31. dxc5 Nf8 32. Rd1 Ne6 33. Red2 Bc8 34. Rd6 Ng5 35. Kg2 Bxh3+ 36. Kh2 Bxf1 37. Nxg5+ hxg5 38. Rxf1 Rd7 39. Rfd1 Red8 40. Rxd7 Rxd7 41. Rxd7 Qxd7 42. Qd3 Qe6 43. Bc1 Bf8 44. Be3 Be7 45. Qc2 Ng7 46. Qa2 Qxa2 47. Bxa2 Kh6 48. g4 f5 49. f3 Kh7 50. Bf7 Kh6 51. Bc1 Bf6 52. Bb2 Kh7 53. Kg2 Kh6 1/2-1/2

[Event "Steinfurt Bezirksliga 0708"]
[Site "Germany"]
[Date "2008.03.15"]
[Round "7.5"]
[White "Roewekamp, Helmut"]
[Black "Von Gorissen, Rolf Ruediger"]
[Result "1-0"]
[WhiteElo "1680"]
[BlackElo "1445"]
[PlyCount "133"]
[EventDate "2007.09.22"]
[EventType "team-tourn"]
[EventRounds "9"]
[EventCountry "GER"]
[SourceTitle "EXT 2009"]
[Source "ChessBase"]
[SourceDate "2008.11.26"]
[SourceVersion "1"]
[SourceVersionDate "2008.11.26"]
[SourceQuality "1"]
[WhiteTeam "Reckenfeld"]
[BlackTeam "Steinfurt III"]
[WhiteTeamCountry "GER"]
[BlackTeamCountry "GER"]

1. e4 e6 2. d4 d5 3. e5 c5 4. c3 Nc6 5. Nf3 c4 6. Be2 Nge7 7. Bg5 Qc7 8. Na3 a6 9. Nc2 h6 10. Bd2 Ng6 11. 0-0 Be7 12. Qc1 b5 13. Nfe1 Bd7 14. Bh5 0-0-0 15. a4 Kb7 16. axb5 axb5 17. Qb1 Ra8 18. b4 Rxa1 19. Qxa1 Ra8 20. Qb2 Ra4 21. Bd1 Ra8 22. f4 Qc8 23. Bh5 Nh8 24. Be2 Qg8 25. Ne3 g6 26. N1c2 Ra7 27. Ra1 Qa8 28. Rxa7+ Qxa7 29. g4 Qa8 30. Na3 Na7 31. Bf3 Qg8 32. Kh1 Bc6 33. Qb1 Kb6 34. Qf1 Qh7 35. Qh3 g5 36. f5 Bd8 37. Nac2 Nc8 38. Ne1 Kc7 39. Nf1 Nb6 40. f6 Qg6 41. Qh5 Na4 42. Bd1 Qh7 43. h4 gxh4 44. Qxh4 Ng6 45. Qh2 Nb6 46. Bc2 Be8 47. Qxh6 Qxh6+ 48. Bxh6 Na4 49. Bd2 Nb6 50. Ng2 Nd7 51. Kh2 Ndf8 52. Kg3 Kc6 53. Nh4 Bc7 54. Nxg6 fxg6 55. Nh2 Bf7 56. Nf3 Nh7 57. Ng5 Nxg5 58. Bxg5 Kd7 59. Bh6 Ke8 60. Kf4 Bd8 61. Kg5 Bb6 62. Bxg6 Bc7 63. Kh5 Bd8 64. g5 Bb6 65. Bxf7+ Kxf7 66. g6+ Kg8 67. f7+ 1-0

[Event "Steinfurt Bezirksliga 0708"]
[Site "Germany"]
[Date "2007.12.01"]
[Round "4.5"]
[White "Von Gorissen, Rolf Ruediger"]
[Black "Kumpmann, Ansgar"]
[Result "1/2-1/2"]
[WhiteElo "1445"]
[BlackElo "1614"]
[PlyCount "44"]
[EventDate "2007.09.22"]
[EventType "team-tourn"]
[EventRounds "9"]
[EventCountry "GER"]
[SourceTitle "EXT 2009"]
[Source "ChessBase"]
[SourceDate "2008.11.26"]
[SourceVersion "1"]
[SourceVersionDate "2008.11.26"]
[SourceQuality "1"]
[WhiteTeam "Steinfurt III"]
[BlackTeam "Nordwalde II"]
[WhiteTeamCountry "GER"]
[BlackTeamCountry "GER"]

1. e4 c5 2. Nf3 g6 3. c3 Bg7 4. d4 cxd4 5. cxd4 d6 6. Bb5+ Bd7 7. Bxd7+ Nxd7 8. 0-0 Qb6 9. b3 Ngf6 10. Re1 0-0 11. Bb2 e6 12. Nbd2 Rac8 13. Rc1 d5 14. e5 Ng4 15. h3 Nh6 16. Rc2 Nb8 17. Qc1 Nc6 18. Ba3 Rfd8 19. Bc5 Qa6 20. Re3 Nf5 21. Rec3 Bh6 22. g4 Bxd2 1/2-1/2

[Event "Steinfurt Bezirksklasse 0607"]
[Site "Germany"]
[Date "2007.01.27"]
[Round "4.5"]
[White "Papasimakopoulos, Alexandros"]
[Black "Von Gorissen, Rolf Ruediger"]
[Result "0-1"]
[WhiteElo "1239"]
[BlackElo "1459"]
[PlyCount "48"]
[EventDate "2006.09.30"]
[EventType "team-tourn"]
[EventRounds "7"]
[EventCountry "GER"]
[SourceTitle "EXT 2008"]
[Source "ChessBase"]
[SourceDate "2007.11.25"]
[SourceVersion "1"]
[SourceVersionDate "2007.11.25"]
[SourceQuality "1"]
[WhiteTeam "Nordwalde III"]
[BlackTeam "Steinfurt III"]
[WhiteTeamCountry "GER"]
[BlackTeamCountry "GER"]

1. d4 e6 2. e4 d5 3. e5 c5 4. Bb5+ Bd7 5. Bxd7+ Qxd7 6. Nf3 cxd4 7. Nxd4 Bc5 8. Be3 Ne7 9. 0-0 Nbc6 10. Nxc6 Qxc6 11. Bxc5 Qxc5 12. Nd2 0-0 13. b3 Rfd8 14. Rc1 Qc3 15. f4 Qd4+ 16. Kh1 Rac8 17. c4 dxc4 18. Rxc4 Rxc4 19. bxc4 Qxd2 20. Qa4 Nc6 21. Qb5 Qd7 22. g3 Nd4 23. Qa5 Ne2 24. Qxa7 Qc6+ 0-1

[Event "Steinfurt Bezirksklasse 0607"]
[Site "Germany"]
[Date "2006.10.28"]
[Round "2.6"]
[White "Von Gorissen, Rolf Ruediger"]
[Black "Roewekamp, Andre"]
[Result "0-1"]
[WhiteElo "1459"]
[BlackElo "1111"]
[PlyCount "62"]
[EventDate "2006.09.30"]
[EventType "team-tourn"]
[EventRounds "7"]
[EventCountry "GER"]
[SourceTitle "EXT 2008"]
[Source "ChessBase"]
[SourceDate "2007.11.25"]
[SourceVersion "1"]
[SourceVersionDate "2007.11.25"]
[SourceQuality "1"]
[WhiteTeam "Steinfurt III"]
[BlackTeam "Reckenfeld II"]
[WhiteTeamCountry "GER"]
[BlackTeamCountry "GER"]

1. e4 e5 2. Nf3 Nc6 3. Bb5 d6 4. d4 Bd7 5. d5 Nce7 6. Bxd7+ Qxd7 7. c4 c6 8. Nc3 Ng6 9. 0-0 h6 10. Re1 f5 11. b3 Nf6 12. Qd3 fxe4 13. Nxe4 Nxe4 14. Qxe4 Ne7 15. dxc6 Qxc6 16. Qxc6+ Nxc6 17. Ba3 0-0-0 18. Rad1 Rd7 19. c5 Kc7 20. cxd6+ Bxd6 21. Bxd6+ Rxd6 22. Rxd6 Kxd6 23. Rd1+ Ke6 24. Kf1 a6 25. Ke1 Rf8 26. Nd2 Nd4 27. Rc1 Nc6 28. f3 Rd8 29. Ne4 Kf5 30. Nc5 Nb4 31. Ra1 Nc2+ 0-1

[Event "Steinfurt Bezirksklasse 0506"]
[Site "Germany"]
[Date "2006.02.18"]
[Round "6.5"]
[White "Von Gorissen, Rolf Ruediger"]
[Black "Schellmann, Maraike"]
[Result "1/2-1/2"]
[WhiteElo "1562"]
[BlackElo "1586"]
[PlyCount "44"]
[EventDate "2005.09.10"]
[EventType "team-tourn"]
[EventRounds "7"]
[EventCountry "GER"]
[SourceTitle "EXT 2006"]
[Source "ChessBase"]
[SourceDate "2005.11.24"]
[SourceVersion "1"]
[SourceVersionDate "2005.11.24"]
[SourceQuality "1"]
[WhiteTeam "Steinfurt III"]
[BlackTeam "Emsdetten Rochade III"]
[WhiteTeamCountry "GER"]
[BlackTeamCountry "GER"]

1. e4 c5 2. Nf3 d6 3. b3 Nf6 4. Nc3 Nc6 5. d4 cxd4 6. Nxd4 Qa5 7. Qd2 Nxd4 8. Qxd4 Nxe4 9. Bd2 Nxd2 10. Qxd2 Qe5+ 11. Be2 Bf5 12. Qe3 Qxe3 13. fxe3 Rc8 14. Kd2 g6 15. Bb5+ Kd8 16. Rac1 Bh6 17. Nd1 Rc5 18. Bd3 Kd7 19. Bxf5+ Rxf5 20. Re1 Rc8 21. Re2 Rfc5 22. Ke1 d5 1/2-1/2

[Event "Steinfurt Bezirksklasse 0506"]
[Site "Germany"]
[Date "2005.10.22"]
[Round "2.5"]
[White "Von Gorissen, Rolf Ruediger"]
[Black "Poggemann, Reinhard"]
[Result "1/2-1/2"]
[WhiteElo "1510"]
[BlackElo "1339"]
[PlyCount "58"]
[EventDate "2005.09.10"]
[EventType "team-tourn"]
[EventRounds "7"]
[EventCountry "GER"]
[SourceTitle "EXT 2006"]
[Source "ChessBase"]
[SourceDate "2005.11.24"]
[SourceVersion "1"]
[SourceVersionDate "2005.11.24"]
[SourceQuality "1"]
[WhiteTeam "Steinfurt III"]
[BlackTeam "Emsdetten Rochade IV"]
[WhiteTeamCountry "GER"]
[BlackTeamCountry "GER"]

1. e4 e5 2. Nf3 Nc6 3. d4 exd4 4. Nxd4 Nxd4 5. Qxd4 d6 6. Bc4 Qf6 7. Be3 Be7 8. Nc3 c6 9. 0-0 Qxd4 10. Bxd4 Nf6 11. Rfe1 0-0 12. h3 b5 13. Bd3 Be6 14. e5 dxe5 15. Bxe5 Rad8 16. a3 a6 17. Rad1 Rd7 18. Be2 Rfd8 19. Rxd7 Rxd7 20. Rd1 Rxd1+ 21. Bxd1 Bf5 22. Ne2 Nd7 23. Bc3 Bf6 24. Nd4 Be4 25. f3 Bd5 26. Kf2 g6 27. Ne2 Be6 28. Nd4 Bd5 29. Ne2 Be6 1/2-1/2

[Event "Steinfurt Bezirksklasse 0506"]
[Site "Germany"]
[Date "2005.09.10"]
[Round "1.4"]
[White "Von Gorissen, Rolf Ruediger"]
[Black "Broeker, Sebastian"]
[Result "0-1"]
[WhiteElo "1562"]
[BlackElo "1241"]
[PlyCount "38"]
[EventDate "2005.09.10"]
[EventType "team-tourn"]
[EventRounds "7"]
[EventCountry "GER"]
[SourceTitle "EXT 2006"]
[Source "ChessBase"]
[SourceDate "2005.11.24"]
[SourceVersion "1"]
[SourceVersionDate "2005.11.24"]
[SourceQuality "1"]
[WhiteTeam "Steinfurt III"]
[BlackTeam "Nordwalde II"]
[WhiteTeamCountry "GER"]
[BlackTeamCountry "GER"]

1. e4 e6 2. d4 d5 3. e5 c5 4. c3 a6 5. Nf3 Nc6 6. Be3 Qb6 7. Qb3 Qc7 8. Be2 Nh6 9. dxc5 Nxe5 10. Nxe5 Qxe5 11. Bd4 Qc7 12. 0-0 Nf5 13. Bd3 e5 14. Re1 Be7 15. Bxe5 Qxc5 16. Bxf5 Bxf5 17. Bxg7 Rg8 18. Bf6 Be4 19. Bxe7 Rxg2+ 0-1

[Event "Steinfurt Bezirksliga 0405"]
[Site "Germany"]
[Date "2005.01.15"]
[Round "5.2"]
[White "Lachmuth, Mathias"]
[Black "Von Gorissen, Rolf Ruediger"]
[Result "1-0"]
[WhiteElo "1734"]
[BlackElo "1556"]
[PlyCount "53"]
[EventDate "2004.09.25"]
[EventType "team-tourn"]
[EventRounds "11"]
[EventCountry "GER"]
[SourceTitle "EXT 2006"]
[Source "ChessBase"]
[SourceDate "2005.11.24"]
[SourceVersion "1"]
[SourceVersionDate "2005.11.24"]
[SourceQuality "1"]
[WhiteTeam "Emsdetten Rochade II"]
[BlackTeam "Steinfurt II"]
[WhiteTeamCountry "GER"]
[BlackTeamCountry "GER"]

1. Nf3 Nf6 2. b3 b6 3. Bb2 Bb7 4. e3 e6 5. d4 d5 6. Bb5+ c6 7. Bd3 Nbd7 8. 0-0 Bd6 9. Nbd2 0-0 10. c4 Rc8 11. a3 c5 12. Rc1 Qe7 13. Ne5 Ne4 14. Nxd7 Qxd7 15. dxc5 Nxc5 16. Bb1 Qe7 17. b4 Nd7 18. Qh5 g6 19. Qg4 f5 20. Qh3 Be5 21. Bxe5 Nxe5 22. Ba2 dxc4 23. Nxc4 Nxc4 24. Bxc4 Rfd8 25. Qg3 Rxc4 26. Rxc4 Ba6 27. Rc7 1-0

[Event "Steinfurt Bezirksliga 0304"]
[Site "Germany"]
[Date "2004.02.21"]
[Round "5.2"]
[White "Lutterbey, Ralf"]
[Black "Von Gorissen, Rolf Ruediger"]
[Result "1/2-1/2"]
[WhiteElo "1868"]
[BlackElo "1562"]
[PlyCount "81"]
[EventDate "2003.10.18"]
[EventType "team-tourn"]
[EventRounds "9"]
[EventCountry "GER"]
[SourceTitle "EXT 2005"]
[Source "ChessBase"]
[SourceDate "2004.11.15"]
[SourceVersion "1"]
[SourceVersionDate "2004.11.15"]
[SourceQuality "1"]
[WhiteTeam "Saerbeck Falke II"]
[BlackTeam "Steinfurt II"]
[WhiteTeamCountry "GER"]
[BlackTeamCountry "GER"]

1. e4 e6 2. d4 d5 3. c4 Bb4+ 4. Nc3 c5 5. cxd5 exd5 6. exd5 Qxd5 7. Nf3 Nc6 8. Be3 cxd4 9. Nxd4 Nge7 10. Nxc6 Qxc6 11. Rc1 Nd5 12. Bd2 Nxc3 13. Bxc3 Qe4+ 14. Qe2 Qxe2+ 15. Bxe2 Bxc3+ 16. Rxc3 Bd7 17. Re3+ Kd8 18. 0-0 Re8 19. Rxe8+ Kxe8 20. Bf3 Bc6 21. Bxc6+ bxc6 22. Rc1 Kd7 23. g3 Rb8 24. b3 Re8 25. Rc4 Re5 26. Kg2 Kd6 27. h4 h5 28. Rd4+ Rd5 29. Rb4 Rb5 30. Ra4 a5 31. Kf3 f6 32. g4 g6 33. Rd4+ Rd5 34. Rf4 Ke6 35. Rc4 Kd6 36. Ke3 Re5+ 37. Kd3 Rd5+ 38. Kc3 Rc5 39. gxh5 gxh5 40. a4 Rf5 41. Rd4+ 1/2-1/2